Country Quiz: Senegal 🇸🇳 - Statistics

General Stats
  • This quiz has been taken 25 times
  • The average score is 17 of 32
Answer Stats
Hint Answer % Correct
Capital Dakar
89%
Time zones 1 (UTC+0)
83%
Currency Franc
83%
In 1659, this European country founded the city of St-Louis and it becomes a key slave-trading port (this country would also go on to pretty much colonise Senegal up until its independence in the 20th century) France
83%
Language French
83%
Guinea
83%
Main Religion Islam
83%
Mali
83%
Mauritania
83%
Nationality Senegalese
83%
Bordering Oceans Atlantic ocean
78%
Bordering Countries Gambia
78%
Between 1756-63, this European country managed to conquer Senegal and forms a joint colony with another one of their colonies for a few years, until the latter regained it United Kingdom
72%
In the 1440s, this European country was the first to arrive, not just in Senegal, but in all of Africa, and they reached Senegal's river estuary Portugal
67%
Guinea-Bissau
61%
State-Condition Republic
56%
Between 1982-1989, Senegal and Gambia formed this confederation Senegambia
56%
Climate Tropical
56%
Independence 1960
50%
In 1588, this European country established a slave port on one of Senegal's island Netherlands
44%
Infamous island belonging to Senegal that used to be called "House of the Slaves", where, during 15-19th century, the island was the main transshipment point for slaves in the world Gorée
33%
Main Export Mineral Fuels
33%
Main Economic Sector Primary / Agriculture
28%
Between the 12-14th century, this empire was on the rise in the area of modern-day Senegal Jolof empire
17%
Most Famous Leader (2012-) Macky Sall
17%
Type of Government Presidential
17%
National Sport Wrestling
17%
National Animal African Lion
11%
Founding Father Léopold Sédar Senghor
11%
One of the few countries in the world with evidence of continuous human life from the ___________ period Paleolithic
11%
Unitary
11%
Second-Largest City Pikine
0%
No matching quizzes found
Score Distribution
Percent of People with Each Score
Percentile by Number Answered
Your Score History
You have not taken this quiz